000 00503nam a2200169Ia 4500
999 _c20039
_d20039
003 OSt
005 20211115123755.0
008 190216s9999||||xx |||||||||||||| ||und||
040 _coclc
082 _a322.42
_bGRE/C
100 _aThomas, H Greene
_98906
245 0 _aComparative Revolutionary Movements /
_cGreene H Thomas
260 _bPrentice Hall India,
_c1974.
_aNew Delhi:
300 _a172p
650 _aWorld History
942 _cBK
_2ddc
_h322.42
_iGRE/C
_k322.42
_mGRE/C